000 00818nam a2200205Ii 4500
003 JO-AjNU
008 230605s9999||||xx |||||||||||||| ||und||
040 _aJO-AjNU
_bara
_erda
_cJO-AjNU
041 _aara
050 1 4 _aPJ6023.A8388 1991
100 3 _aتأليف الأثري،محمد بهجة,
_eauthor
_914489
245 0 0 _aنظرات فاحصة في قواعد رسم الكتابة، وضوبط اللغة، وطريقة تدوين تاريخ الأدب العربي
250 _aط1
264 3 1 _aبغداد:دار الشؤون الثقافية،1991
300 _a204ص
336 _atext
_btxt
_2rdacontent
337 _aunmediated
_bn
_2rdamedia
338 _avolume
_bnc
_2rdacarrier
650 4 _aالأدب العربي - تاريخ ونقد - اللغة العربية - كتابة - تاريخ
_914490
999 _aA3876
_c7444
_d7444